[Event "Deutsche Ländermeisterschaft 2012"]
[Site "Hannover GER"]
[Date "2012.09.30"]
[Round "2"]
[White "Wild, Achim"]
[Black "Hampel, Felix"]
[Result "0-1"]
[Termination "normal"]
[Board "6.2"]
[WhiteTitle "20"]
[BlackTitle "18"]
[WhiteElo "2107"]
[BlackElo "2082"]
[WhiteTeam "Saarland"]
[BlackTeam "Niedersachsen 2"]
[PlyCount "66"]
[WhiteFideId "4658728"]
[BlackFideId "24668125"]
[EventCountry "GER"]
[EventRounds "7"]
[EventType "team-swiss"]
[EventDate "2012.09.28"]

1. d4 f5 2. Nf3 Nf6 3. g3 g6 4. Bg2 Bg7 5. O-O O-O 6. b3 d6 7. Bb2 c6 8. c4 Na6
9. Nbd2 Nc7 10. Qc2 Rb8 11. Rad1 Qe8 12. Rfe1 Nh5 13. e4 f4 14. d5 e5 15. c5
dxc5 16. Qxc5 Na6 17. Qc3 Bg4 18. dxc6 Rc8 19. Qc4+ Kh8 20. Qb5 Rxc6 21. Bxe5
Nc5 22. Bxg7+ Nxg7 23. h3 Bd7 24. Qe2 fxg3 25. fxg3 Rc7 26. Nc4 Bb5 27. Rd2 Qe7
28. Kh2 b6 29. Nd4 Ba6 30. e5 Nce6 31. Nc6 Qc5 32. Rd6 Rf2 33. Rf1 Rxe2 0-1

[Event "Deutsche Ländermeisterschaft 2012"]
[Site "Hannover GER"]
[Date "2012.09.30"]
[Round "2"]
[White "Kyas, Philipp"]
[Black "Grewenig, Jan"]
[Result "0-1"]
[Termination "normal"]
[Board "6.3"]
[WhiteTitle "16"]
[BlackTitle "16"]
[WhiteElo "2076"]
[BlackElo "1961"]
[WhiteTeam "Niedersachsen 2"]
[BlackTeam "Saarland"]
[PlyCount "74"]
[WhiteFideId "24670936"]
[BlackFideId "4657330"]
[EventCountry "GER"]
[EventRounds "7"]
[EventType "team-swiss"]
[EventDate "2012.09.28"]

1. d4 d5 2. c4 e5 3. dxe5 d4 4. Nf3 Nc6 5. a3 Nge7 6. Nbd2 Ng6 7. Nb3 Ncxe5 8.
Nxe5 Nxe5 9. Nxd4 c5 10. Nb5 a6 11. Bf4 Qxd1+ 12. Rxd1 axb5 13. Bxe5 bxc4 14.
e3 Be6 15. Be2 f6 16. Bc3 Be7 17. Bh5+ g6 18. Bf3 Ra7 19. O-O Kf7 20. Rd2 b5
21. Bd5 b4 22. axb4 cxb4 23. Bd4 Ra2 24. Bxe6+ Kxe6 25. Rc2 c3 26. Rfc1 Rha8
27. Kf1 Ra1 28. Ke2 Rxc1 29. Rxc1 Ra2 30. Rc2 Bc5 31. Bxc3 bxc3 32. Rxc3 Rxb2+
33. Kf3 Bb4 34. Rc6+ Ke5 35. Rc4 Be1 36. Re4+ Kd6 37. Rd4+ Ke6 0-1

[Event "Deutsche Ländermeisterschaft 2012"]
[Site "Hannover GER"]
[Date "2012.09.30"]
[Round "2"]
[White "Sonnhalter, Stella"]
[Black "Bach, Jannik"]
[Result "0-1"]
[Termination "normal"]
[Board "6.4"]
[WhiteTitle "20w"]
[BlackTitle "14"]
[WhiteElo "1856"]
[BlackElo "1859"]
[WhiteTeam "Saarland"]
[BlackTeam "Niedersachsen 2"]
[PlyCount "46"]
[WhiteFideId "4624815"]
[BlackFideId "24615900"]
[EventCountry "GER"]
[EventRounds "7"]
[EventType "team-swiss"]
[EventDate "2012.09.28"]

1. e4 c6 2. d4 d5 3. exd5 cxd5 4. Bd3 Nc6 5. c3 Nf6 6. h3 g6 7. Nf3 Bg7 8. O-O
O-O 9. Re1 Bf5 10. Bxf5 gxf5 11. Nbd2 Ne4 12. Nxe4 fxe4 13. Nh2 e5 14. dxe5
Nxe5 15. Ng4 Nd3 16. Re3 f5 17. Rxd3 exd3 18. Nh6+ Kh8 19. Qh5 Qe8 20. Qd1 Qe6
21. Qxd3 Rae8 22. Kh2 Qe5+ 23. g3 Re6 0-1

[Event "Deutsche Ländermeisterschaft 2012"]
[Site "Hannover GER"]
[Date "2012.09.30"]
[Round "2"]
[White "Evers, Annika"]
[Black "Müller, Max"]
[Result "1/2-1/2"]
[Termination "normal"]
[Board "6.5"]
[WhiteTitle "18w"]
[BlackTitle "14"]
[WhiteElo "1807"]
[BlackElo "1728"]
[WhiteTeam "Niedersachsen 2"]
[BlackTeam "Saarland"]
[PlyCount "67"]
[WhiteFideId "24691933"]
[BlackFideId "12900486"]
[EventCountry "GER"]
[EventRounds "7"]
[EventType "team-swiss"]
[EventDate "2012.09.28"]

1. d4 Nf6 2. Nf3 g6 3. Bg5 Bg7 4. e3 O-O 5. c3 d6 6. Nbd2 Nbd7 7. Qc2 c5 8. Bd3
Qc7 9. h4 cxd4 10. exd4 e5 11. O-O-O Rb8 12. h5 exd4 13. Bxf6 Nxf6 14. Nxd4 Bd7
15. hxg6 hxg6 16. Ne4 Ng4 17. Nb5 Bxb5 18. Bxb5 Rbd8 19. Qd3 d5 20. Qh3 Qf4+
21. Nd2 f5 22. Qh4 Qxf2 23. Qh7+ Kf7 24. Rdf1 Qb6 25. Bd3 Rh8 26. Rxf5+ gxf5
27. Qxf5+ Nf6 28. Qg6+ Kf8 29. Rf1 Qc6 30. g4 Qe8 31. Rxf6+ Bxf6 32. Qxf6+ Kg8
33. Qg5+ Kf8 34. Qf6+ 1/2-1/2

[Event "Deutsche Ländermeisterschaft 2012"]
[Site "Hannover GER"]
[Date "2012.09.30"]
[Round "2"]
[White "Puffay, Jana"]
[Black "Manusina, Nicole"]
[Result "0-1"]
[Termination "normal"]
[Board "6.6"]
[WhiteTitle "16w"]
[BlackTitle "14w"]
[WhiteElo "1433"]
[BlackElo "1800"]
[WhiteTeam "Saarland"]
[BlackTeam "Niedersachsen 2"]
[PlyCount "48"]
[WhiteFideId "24692360"]
[BlackFideId "24657514"]
[EventCountry "GER"]
[EventRounds "7"]
[EventType "team-swiss"]
[EventDate "2012.09.28"]

1. e4 c6 2. Nc3 d5 3. exd5 cxd5 4. d4 Nf6 5. Nf3 a6 6. Be2 Nc6 7. O-O g6 8. h3
Bg7 9. Be3 O-O 10. Qd2 Re8 11. Rad1 Bf5 12. Bh6 Bh8 13. Rfe1 Ne4 14. Qc1 Qa5
15. Nxe4 dxe4 16. Nh4 Nxd4 17. c3 Nxe2+ 18. Rxe2 Be6 19. Rxe4 Bf6 20. a3 Rad8
21. Rde1 Qh5 22. Nf3 Bxh3 23. gxh3 Qxf3 24. R1e3 Rd1+ 0-1

[Event "Deutsche Ländermeisterschaft 2012"]
[Site "Hannover GER"]
[Date "2012.09.30"]
[Round "2"]
[White "Reuker, Jari"]
[Black "Müller, Sophie"]
[Result "1-0"]
[Termination "normal"]
[Board "6.7"]
[WhiteTitle "12"]
[BlackTitle "12w"]
[WhiteElo "1784"]
[BlackElo "1435"]
[WhiteTeam "Niedersachsen 2"]
[BlackTeam "Saarland"]
[PlyCount "55"]
[WhiteFideId "12909300"]
[BlackFideId "12926698"]
[EventCountry "GER"]
[EventRounds "7"]
[EventType "team-swiss"]
[EventDate "2012.09.28"]

1. e4 e6 2. d4 d5 3. Nc3 dxe4 4. Nxe4 Nd7 5. Nf3 Ngf6 6. Ng3 Bd6 7. c3 O-O 8.
Bd3 b6 9. Bg5 Bb7 10. Qc2 Be7 11. Ne5 h6 12. h4 Nxe5 13. dxe5 Nd7 14. Bf4 Nc5
15. O-O-O Nxd3+ 16. Rxd3 Qe8 17. Qd2 Rd8 18. Nh5 Rxd3 19. Qxd3 Qd8 20. Qg3 g6
21. Bxh6 Re8 22. Ng7 Kh7 23. Nxe8 Qxe8 24. h5 Qd7 25. hxg6+ fxg6 26. Bf8+ Kg8
27. Qxg6+ Kxf8 28. Rh8# 1-0

[Event "Deutsche Ländermeisterschaft 2012"]
[Site "Hannover GER"]
[Date "2012.09.30"]
[Round "2"]
[White "Zimmer, Luca"]
[Black "Wallat, Jessica"]
[Result "0-1"]
[Termination "normal"]
[Board "6.8"]
[WhiteTitle "12"]
[BlackTitle "12w"]
[WhiteElo "1035"]
[BlackElo "1580"]
[WhiteTeam "Saarland"]
[BlackTeam "Niedersachsen 2"]
[PlyCount "92"]
[WhiteFideId "12921424"]
[BlackFideId "12909637"]
[EventCountry "GER"]
[EventRounds "7"]
[EventType "team-swiss"]
[EventDate "2012.09.28"]

1. e4 e5 2. Nf3 Nc6 3. Bc4 Bc5 4. c3 Nf6 5. d4 exd4 6. cxd4 Bb4+ 7. Bd2 Bxd2+
8. Nbxd2 d5 9. exd5 Nxd5 10. Qb3 Nce7 11. O-O O-O 12. Rfe1 c6 13. a4 Rb8 14. a5
Bg4 15. Ne5 Bf5 16. Ne4 f6 17. Nd3 Bxe4 18. Rxe4 Kh8 19. Nc5 Re8 20. Ne6 Qd6
21. Qa3 Qxa3 22. Rxa3 Nf5 23. Rh3 Nd6 24. Bxd5 Nxe4 25. Bc4 Ng5 26. Re3 Nxe6
27. Bxe6 Rbd8 28. Re4 Rd6 29. Bf5 Rxe4 30. Bxe4 Rxd4 31. f3 Rb4 32. a6 bxa6 33.
Bxc6 Rxb2 34. h3 a5 35. Kh2 Ra2 36. Kg3 a4 37. Bxa4 Rxa4 38. f4 Rc4 39. Kg4 a5
40. h4 a4 41. g3 a3 42. Kh5 a2 43. f5 a1=Q 44. g4 g6+ 45. Kh6 Qc1+ 46. g5 Rxh4#
0-1

[Event "Deutsche Ländermeisterschaft 2012"]
[Site "Hannover GER"]
[Date "2012.09.30"]
[Round "2"]
[White "Weber, Max"]
[Black "Bräuer, Franz"]
[Result "1/2-1/2"]
[Termination "normal"]
[Board "7.1"]
[WhiteTitle "18"]
[BlackTitle "18"]
[WhiteElo "2109"]
[BlackElo "2222"]
[WhiteTeam "Mecklenburg-Vorpommern"]
[BlackTeam "Thüringen"]
[PlyCount "184"]
[WhiteFideId "4624831"]
[BlackFideId "24634468"]
[EventCountry "GER"]
[EventRounds "7"]
[EventType "team-swiss"]
[EventDate "2012.09.28"]

1. c4 c5 2. g3 Nc6 3. Bg2 g6 4. Nc3 Bg7 5. Nf3 e5 6. O-O Nge7 7. a3 a5 8. Ne1
d6 9. Nc2 Be6 10. Ne3 O-O 11. d3 h6 12. Ned5 Rb8 13. Rb1 Kh7 14. Bd2 f5 15. b4
axb4 16. axb4 cxb4 17. Nxb4 e4 18. Nbd5 Ne5 19. dxe4 Nxc4 20. Bc1 Nxd5 21. exd5
Bd7 22. Nb5 Qf6 23. Qb3 Bxb5 24. Qxb5 Rfc8 25. Rd1 Rc5 26. Qb3 b5 27. Ba3 Nxa3
28. Qxa3 Qd8 29. e3 Qb6 30. Rb4 Bc3 31. Rb3 b4 32. Qa4 Qc7 33. Bf3 Qc8 34. Qa7+
Qb7 35. Qxb7+ Rxb7 36. Rc1 Ra7 37. e4 fxe4 38. Bxe4 Re7 39. Bf3 Kg7 40. Rbb1
Ra7 41. Bd1 Rxd5 42. Bb3 Rd4 43. Rd1 Ra3 44. Rxd4 Bxd4 45. Bc4 Bc5 46. Kf1 Rc3
47. Bb3 Rf3 48. Rb2 Kf6 49. Bd5 Rd3 50. Ba2 g5 51. Ke2 Rc3 52. h3 Ke5 53. Bb3
h5 54. Bc2 h4 55. gxh4 gxh4 56. Bd3 Ra3 57. Rd2 Kf4 58. Rb2 d5 59. Rd2 Ra1 60.
Bc2 Ra2 61. Bb3 Rxd2+ 62. Kxd2 Ke5 63. Ke2 Ke4 64. Ba2 Be7 65. Bb3 Bg5 66. Ba2
Bf4 67. Bb3 Bh2 68. Ba2 Bf4 69. Bb3 Bc1 70. Ba2 Bb2 71. Bb3 Bf6 72. Ba2 Kd4 73.
Bb3 Bg5 74. Ba2 Kc3 75. Bxd5 Kc2 76. Kf1 b3 77. Bxb3+ Kxb3 78. f4 Bf6 79. f5
Kc3 80. Kg2 Kd3 81. Kh1 Ke3 82. Kg2 Ke2 83. Kg1 Kf3 84. Kh2 Kf2 85. Kh1 Kg3 86.
Kg1 Kxh3 87. Kh1 Kg3 88. Kg1 h3 89. Kh1 Bd4 90. f6 Bxf6 91. Kg1 Bd4+ 92. Kh1 h2
1/2-1/2

[Event "Deutsche Ländermeisterschaft 2012"]
[Site "Hannover GER"]
[Date "2012.09.30"]
[Round "2"]
[White "Urban, Lars"]
[Black "Ispirjan, Mikael"]
[Result "1-0"]
[Termination "normal"]
[Board "7.2"]
[WhiteTitle "16"]
[BlackTitle "16"]
[WhiteElo "2064"]
[BlackElo "1940"]
[WhiteTeam "Thüringen"]
[BlackTeam "Mecklenburg-Vorpommern"]
[PlyCount "79"]
[WhiteFideId "4644034"]
[BlackFideId "1271217"]
[EventCountry "GER"]
[EventRounds "7"]
[EventType "team-swiss"]
[EventDate "2012.09.28"]

1. d4 Nf6 2. c4 e5 3. dxe5 Ng4 4. Bf4 Nc6 5. Nf3 Bb4+ 6. Nc3 Bxc3+ 7. bxc3 Qe7
8. Qd5 f6 9. exf6 Nxf6 10. Qd3 d6 11. g3 O-O 12. Bg2 Kh8 13. O-O Ne4 14. Nd4
Nc5 15. Nxc6 bxc6 16. Qd2 Bd7 17. e4 Rae8 18. Rfe1 Ne6 19. Be3 Nd8 20. Rab1 c5
21. Bg5 Qf7 22. Bxd8 Rxd8 23. Rb7 Bc6 24. Rxa7 h6 25. f4 Ra8 26. Rxa8 Rxa8 27.
e5 Bxg2 28. Qxg2 Re8 29. Qd5 Qe7 30. e6 Qf6 31. Re3 Qg6 32. f5 Qg5 33. Qe4 Qe7
34. a4 Rc8 35. Qb7 Re8 36. a5 Qg5 37. Qe4 Qd8 38. a6 Kg8 39. a7 Kf8 40. e7+ 1-0

[Event "Deutsche Ländermeisterschaft 2012"]
[Site "Hannover GER"]
[Date "2012.09.30"]
[Round "2"]
[White "Celmer, Ole"]
[Black "Sukaylo, Aleksey"]
[Result "1-0"]
[Termination "normal"]
[Board "7.3"]
[WhiteTitle "20"]
[BlackTitle "18"]
[WhiteElo "1857"]
[BlackElo "2011"]
[WhiteTeam "Mecklenburg-Vorpommern"]
[BlackTeam "Thüringen"]
[PlyCount "135"]
[WhiteFideId "24657107"]
[BlackFideId "12912344"]
[EventCountry "GER"]
[EventRounds "7"]
[EventType "team-swiss"]
[EventDate "2012.09.28"]

1. e4 e5 2. Nf3 Nc6 3. Bc4 Bc5 4. c3 Nf6 5. d3 O-O 6. O-O d5 7. exd5 Nxd5 8. h3
Nb6 9. Bb3 Bf5 10. Bc2 Qd7 11. Re1 Rfe8 12. Be3 Bd6 13. Nbd2 Nd5 14. Ne4 h6 15.
Bb3 Nce7 16. Bd2 Bxh3 17. gxh3 Qxh3 18. Nh2 Nf4 19. Bxf4 exf4 20. Qf3 Qd7 21.
Qg4 Qxg4+ 22. Nxg4 Kf8 23. Nxd6 cxd6 24. Re4 Ng6 25. Rxe8+ Rxe8 26. Kf1 h5 27.
Nh2 Ne5 28. d4 Ng6 29. Re1 Rd8 30. Nf3 f6 31. Bc2 Ne7 32. Nh4 Kf7 33. Nf5 Nc6
34. Kg2 g5 35. Rh1 h4 36. Nxh4 gxh4 37. Rxh4 Rg8+ 38. Kf3 Rg7 39. Kxf4 Nd8 40.
Bb3+ Ke7 41. Ke3 f5 42. Bd5 b6 43. Kf4 Kf6 44. Rh6+ Rg6 45. Rxg6+ Kxg6 46. c4
a5 47. b3 Kf6 48. a3 a4 49. b4 Kg6 50. c5 dxc5 51. dxc5 bxc5 52. bxc5 Kf6 53.
c6 Ne6+ 54. Bxe6 Kxe6 55. c7 Kd7 56. Kxf5 Kxc7 57. Ke6 Kc6 58. f4 Kc5 59. f5
Kc4 60. f6 Kb3 61. f7 Kxa3 62. f8=Q+ Ka2 63. Kd5 a3 64. Kc4 Kb2 65. Qb4+ Ka2
66. Qb3+ Ka1 67. Kc3 a2 68. Qb2# 1-0

[Event "Deutsche Ländermeisterschaft 2012"]
[Site "Hannover GER"]
[Date "2012.09.30"]
[Round "2"]
[White "Zahn, Alina"]
[Black "Schmekel, Florian"]
[Result "1/2-1/2"]
[Termination "normal"]
[Board "7.4"]
[WhiteTitle "14w"]
[BlackTitle "14"]
[WhiteElo "1884"]
[BlackElo "1552"]
[WhiteTeam "Thüringen"]
[BlackTeam "Mecklenburg-Vorpommern"]
[PlyCount "94"]
[WhiteFideId "24696730"]
[BlackFideId "12913456"]
[EventCountry "GER"]
[EventRounds "7"]
[EventType "team-swiss"]
[EventDate "2012.09.28"]

1. e4 c5 2. Nf3 Nc6 3. d4 cxd4 4. Nxd4 g6 5. c4 Nf6 6. Nc3 d6 7. Be2 Nxd4 8.
Qxd4 Bg7 9. Bg5 O-O 10. Qd2 Qa5 11. Rc1 Be6 12. b3 Rfe8 13. O-O a6 14. f4 b5
15. f5 Bd7 16. e5 b4 17. exf6 bxc3 18. Qf4 exf6 19. Bxf6 Bxf5 20. Bxg7 Kxg7 21.
Bf3 Rab8 22. Bd5 Rf8 23. Qxd6 h5 24. Qe5+ Kh6 25. Rxc3 Rbe8 26. Qf6 Be6 27.
Qf4+ Kh7 28. Rd3 Kg7 29. Qf6+ Kg8 30. Qg5 Qxa2 31. Bxe6 Rxe6 32. Rh3 Qe2 33.
Rhf3 Qe4 34. Qd5 Qxd5 35. cxd5 Rd6 36. Rd3 Rfd8 37. Rfd1 Kg7 38. Kf2 f5 39. h4
Kf6 40. Kf3 Ke5 41. Re3+ Kf6 42. Red3 Rb8 43. Rc1 Rb5 44. Rcd1 Ke7 45. g3 Rdb6
46. Re3+ Kd7 47. Rdd3 Rd6 1/2-1/2

[Event "Deutsche Ländermeisterschaft 2012"]
[Site "Hannover GER"]
[Date "2012.09.30"]
[Round "2"]
[White "Wulf, Constanze"]
[Black "Schätz, Bianca"]
[Result "0-1"]
[Termination "normal"]
[Board "7.5"]
[WhiteTitle "16w"]
[BlackTitle "18w"]
[WhiteElo "1622"]
[BlackElo "1811"]
[WhiteTeam "Mecklenburg-Vorpommern"]
[BlackTeam "Thüringen"]
[PlyCount "90"]
[WhiteFideId "24692379"]
[BlackFideId "24655821"]
[EventCountry "GER"]
[EventRounds "7"]
[EventType "team-swiss"]
[EventDate "2012.09.28"]

1. d4 d5 2. c4 e6 3. Nc3 Nf6 4. cxd5 exd5 5. Bg5 Nbd7 6. e3 Be7 7. Nf3 O-O 8.
Bd3 Re8 9. O-O Nf8 10. Qc2 c6 11. Rab1 a5 12. Na4 Ng6 13. a3 Bg4 14. Nd2 Ne4
15. Bxe7 Qxe7 16. Bxe4 dxe4 17. Rfc1 f5 18. h3 Bh5 19. Nc5 Kh8 20. b4 axb4 21.
axb4 Nh4 22. Kh2 b6 23. Na4 b5 24. Nc5 Bf7 25. Ndb3 Qd6+ 26. Kh1 Bd5 27. Nb7
Qc7 28. N7a5 Rac8 29. Qd1 Qf7 30. Nd2 f4 31. Qf1 fxe3 32. fxe3 Qg6 33. Qf2 Qg5
34. Rg1 Rf8 35. Qe2 Nf5 36. Nf1 Rf6 37. Rb2 Rcf8 38. Qe1 Nd6 39. Qg3 Qh6 40.
Nh2 Nf5 41. Qe1 Qxe3 42. Qxe3 Nxe3 43. Nb7 h5 44. Nc5 Rf2 45. Rbb1 Nxg2 0-1

[Event "Deutsche Ländermeisterschaft 2012"]
[Site "Hannover GER"]
[Date "2012.09.30"]
[Round "2"]
[White "Scheftlein, Richard"]
[Black "Klinge, Sabina"]
[Result "1/2-1/2"]
[Termination "normal"]
[Board "7.6"]
[WhiteTitle "14"]
[BlackTitle "14w"]
[WhiteElo "1827"]
[BlackElo "1659"]
[WhiteTeam "Thüringen"]
[BlackTeam "Mecklenburg-Vorpommern"]
[PlyCount "63"]
[WhiteFideId "12945609"]
[BlackFideId "12949590"]
[EventCountry "GER"]
[EventRounds "7"]
[EventType "team-swiss"]
[EventDate "2012.09.28"]

1. d4 Nf6 2. Nf3 e6 3. e3 d5 4. Bd3 Be7 5. b3 b6 6. Bb2 Bb7 7. Nbd2 Nbd7 8. O-O
O-O 9. Ne5 c5 10. f4 Rc8 11. Qe2 Rc7 12. g4 Ne4 13. g5 f6 14. Nxd7 Qxd7 15.
gxf6 Nxf6 16. Nf3 Bd6 17. Ne5 Qd8 18. Rac1 Bc6 19. Nxc6 Rxc6 20. Kh1 Rc7 21.
Qg2 Qe7 22. Rf3 c4 23. bxc4 dxc4 24. Be2 c3 25. Ba1 Nd5 26. Bd3 Rf6 27. Rh3 h6
28. Qe4 Rf5 29. Qg2 Rf6 30. Qe4 Rf5 31. Qg2 Rf6 32. Qe4 1/2-1/2

[Event "Deutsche Ländermeisterschaft 2012"]
[Site "Hannover GER"]
[Date "2012.09.30"]
[Round "2"]
[White "Schamber, Dennis"]
[Black "Nguyen, Huy Dat"]
[Result "0-1"]
[Termination "normal"]
[Board "7.7"]
[WhiteTitle "12"]
[BlackTitle "12"]
[WhiteElo "1548"]
[BlackElo "1761"]
[WhiteTeam "Mecklenburg-Vorpommern"]
[BlackTeam "Thüringen"]
[PlyCount "78"]
[WhiteFideId "12952176"]
[BlackFideId "12923486"]
[EventCountry "GER"]
[EventRounds "7"]
[EventType "team-swiss"]
[EventDate "2012.09.28"]

1. e4 c5 2. Nf3 Nc6 3. d4 cxd4 4. Nxd4 Nf6 5. Nc3 e5 6. Ndb5 d6 7. Bg5 a6 8.
Bxf6 gxf6 9. Na3 b5 10. Nd5 Be6 11. Be2 Bg7 12. Qd2 Ne7 13. c4 Bxd5 14. cxd5
Rc8 15. O-O O-O 16. Rac1 f5 17. exf5 Rc5 18. Qg5 f6 19. Qd2 Rxd5 20. Qc2 Bh6
21. Rcd1 Rxd1 22. Rxd1 Qd7 23. h3 Rd8 24. Qb3+ Kg7 25. Qg3+ Kh8 26. Qd3 Qxf5
27. Qb3 Qd7 28. Qf7 Bg7 29. Bd3 f5 30. Be2 Rf8 31. Qh5 Ng6 32. Bd3 e4 33. Bc2
Bxb2 34. Nb1 Be5 35. g4 Nf4 36. Qh6 Rf6 37. Qh4 fxg4 38. hxg4 Rh6 39. Qg5 Nh3+
0-1

[Event "Deutsche Ländermeisterschaft 2012"]
[Site "Hannover GER"]
[Date "2012.09.30"]
[Round "2"]
[White "Allin, Katharina"]
[Black "Sadewasser, Lucie"]
[Result "1-0"]
[Termination "normal"]
[Board "7.8"]
[WhiteTitle "12w"]
[BlackTitle "12w"]
[WhiteElo "1135"]
[BlackElo "1341"]
[WhiteTeam "Thüringen"]
[BlackTeam "Mecklenburg-Vorpommern"]
[PlyCount "107"]
[WhiteFideId "12903779"]
[BlackFideId "12905445"]
[EventCountry "GER"]
[EventRounds "7"]
[EventType "team-swiss"]
[EventDate "2012.09.28"]

1. e4 e5 2. Nf3 Nc6 3. Bc4 Bc5 4. c3 Nf6 5. d3 a6 6. Bb3 d6 7. Nbd2 Ba7 8. Nf1
h6 9. Qe2 Qe7 10. h3 Bd7 11. Bd2 O-O-O 12. Be3 Kb8 13. N1d2 g5 14. Bc2 Rdg8 15.
b4 g4 16. hxg4 Nxg4 17. Bxa7+ Nxa7 18. g3 f5 19. a4 Kc8 20. Bb3 Rg7 21. Bc4 Nc6
22. b5 Nb8 23. bxa6 bxa6 24. Rb1 Bxa4 25. Bd5 c6 26. Bc4 Bb5 27. exf5 d5 28.
Bxb5 axb5 29. Nh4 Nf6 30. Ng6 Rxg6 31. fxg6 Nbd7 32. f4 Qg7 33. f5 Re8 34. O-O
Re7 35. Qf3 e4 36. dxe4 dxe4 37. Qe2 Nb6 38. Rb4 Nbd5 39. Rb3 Qg8 40. Ra3 Kb7
41. Rfa1 Qb8 42. Nb3 Qxg3+ 43. Qg2 Qe3+ 44. Qf2 Qg5+ 45. Kf1 Ne3+ 46. Ke2 Qh5+
47. Kxe3 Ng4+ 48. Kd4 Rd7+ 49. Kc5 Rd5+ 50. Kb4 Nxf2 51. Ra7+ Kc8 52. g7 Nd3+
53. Ka5 Qg6 54. fxg6 1-0

[Event "Deutsche Ländermeisterschaft 2012"]
[Site "Hannover GER"]
[Date "2012.09.30"]
[Round "2"]
[White "Schulenburg, Torben"]
[Black "Will, Dominik"]
[Result "1-0"]
[Termination "time forfeit"]
[Board "8.1"]
[WhiteTitle "20"]
[BlackTitle "18"]
[WhiteElo "2060"]
[BlackElo "2085"]
[WhiteTeam "Hamburg"]
[BlackTeam "Hessen 2"]
[PlyCount "79"]
[WhiteFideId "24648558"]
[BlackFideId "4696557"]
[EventCountry "GER"]
[EventRounds "7"]
[EventType "team-swiss"]
[EventDate "2012.09.28"]

1. d4 Nf6 2. c4 g6 3. Nc3 Bg7 4. e4 d6 5. Nf3 O-O 6. Be2 e5 7. O-O Nc6 8. dxe5
dxe5 9. Bg5 Qxd1 10. Rfxd1 Bg4 11. h3 Bxf3 12. Bxf3 Nd4 13. Nd5 Nxd5 14. cxd5
h5 15. Rac1 Rfc8 16. Rd3 c6 17. dxc6 Rxc6 18. Rxc6 bxc6 19. Rc3 Rb8 20. b3 Rb6
21. Bd8 Rb7 22. Kf1 f6 23. Be2 Rb8 24. Bc4+ Kh7 25. Be7 Re8 26. Bc5 Bf8 27. Bf7
Rc8 28. Bxd4 exd4 29. Rg3 Bd6 30. Rxg6 Be5 31. f4 Rf8 32. fxe5 fxe5 33. Rxc6
Rxf7+ 34. Ke2 Rg7 35. Kf2 Rf7+ 36. Ke2 Rg7 37. Kf1 Rf7+ 38. Kg1 Rd7 39. Rc2 h4
40. Kf2 {Zeitüberschreitung} 1-0

[Event "Deutsche Ländermeisterschaft 2012"]
[Site "Hannover GER"]
[Date "2012.09.30"]
[Round "2"]
[White "Elkmann, Janek"]
[Black "Hinrichs, Jan"]
[Result "1/2-1/2"]
[Termination "normal"]
[Board "8.2"]
[WhiteTitle "18"]
[BlackTitle "18"]
[WhiteElo "2033"]
[BlackElo "2038"]
[WhiteTeam "Hessen 2"]
[BlackTeam "Hamburg"]
[PlyCount "59"]
[WhiteFideId "24691925"]
[BlackFideId "12907294"]
[EventCountry "GER"]
[EventRounds "7"]
[EventType "team-swiss"]
[EventDate "2012.09.28"]

1. e4 c5 2. Nf3 Nf6 3. e5 Nd5 4. d4 cxd4 5. Qxd4 e6 6. c3 Nc6 7. Qe4 d6 8. exd6
Qxd6 9. Bd3 Be7 10. O-O e5 11. Bb5 f6 12. Rd1 Be6 13. c4 Qb4 14. Qe2 Nc7 15. a3
Qa5 16. Bd2 Qb6 17. Nc3 Nxb5 18. Nxb5 a6 19. Be3 Qa5 20. b4 Bxc4 21. Nd6+ Bxd6
22. Qxc4 Qc7 23. Qe6+ Be7 24. Rac1 Qc8 25. Qb3 Qg4 26. h3 Qh5 27. Qe6 Rd8 28.
Bb6 Rxd1+ 29. Rxd1 e4 30. Qxe4 1/2-1/2

[Event "Deutsche Ländermeisterschaft 2012"]
[Site "Hannover GER"]
[Date "2012.09.30"]
[Round "2"]
[White "Hinrichs, Lars"]
[Black "Bingert, Tim Niklas"]
[Result "1/2-1/2"]
[Termination "normal"]
[Board "8.3"]
[WhiteTitle "16"]
[BlackTitle "14"]
[WhiteElo "1949"]
[BlackElo "1931"]
[WhiteTeam "Hamburg"]
[BlackTeam "Hessen 2"]
[PlyCount "63"]
[WhiteFideId "12921769"]
[BlackFideId "12917907"]
[EventCountry "GER"]
[EventRounds "7"]
[EventType "team-swiss"]
[EventDate "2012.09.28"]

1. e4 c5 2. Nf3 Nc6 3. d4 cxd4 4. Nxd4 g6 5. c4 Bg7 6. Be3 Nf6 7. Nc3 O-O 8.
Be2 d6 9. O-O Bd7 10. Qd2 Nxd4 11. Bxd4 Bc6 12. f3 a5 13. b3 Nd7 14. Be3 Nc5
15. Rab1 Qb6 16. Rfc1 Rfc8 17. Rc2 Qd8 18. a3 h5 19. b4 axb4 20. axb4 Na4 21.
Nd5 Bxd5 22. exd5 Nb6 23. Rd1 Ra3 24. Bg5 Na4 25. Bf1 Qb6+ 26. Qf2 Qxb4 27.
Bxe7 Re8 28. Bg5 Rc3 29. Bd2 Rxc2 30. Bxb4 Rxf2 31. Kxf2 Nc5 32. Bxc5 1/2-1/2

[Event "Deutsche Ländermeisterschaft 2012"]
[Site "Hannover GER"]
[Date "2012.09.30"]
[Round "2"]
[White "Keller, Peter"]
[Black "Krüger, David"]
[Result "1-0"]
[Termination "normal"]
[Board "8.4"]
[WhiteTitle "14"]
[BlackTitle "12"]
[WhiteElo "1966"]
[BlackElo "1786"]
[WhiteTeam "Hessen 2"]
[BlackTeam "Hamburg"]
[PlyCount "37"]
[WhiteFideId "1272105"]
[BlackFideId "12921858"]
[EventCountry "GER"]
[EventRounds "7"]
[EventType "team-swiss"]
[EventDate "2012.09.28"]

1. e4 e5 2. Nf3 Nf6 3. Nxe5 d6 4. Nf3 Nxe4 5. Nc3 Nxc3 6. dxc3 Be7 7. Bf4 Nc6
8. Qd2 Be6 9. a3 a6 10. O-O-O Qd7 11. Bd3 O-O-O 12. Rhe1 Rhe8 13. Kb1 h6 14.
Nd4 Nxd4 15. cxd4 f5 16. Qa5 Rf8 17. d5 Bf7 18. Bxa6 Bf6 19. Bb5 1-0

[Event "Deutsche Ländermeisterschaft 2012"]
[Site "Hannover GER"]
[Date "2012.09.30"]
[Round "2"]
[White "Rogozenco, Teodora"]
[Black "Spitzl, Vinzent"]
[Result "1-0"]
[Termination "normal"]
[Board "8.5"]
[WhiteTitle "12w"]
[BlackTitle "12"]
[WhiteElo "1706"]
[BlackElo "1729"]
[WhiteTeam "Hamburg"]
[BlackTeam "Hessen 2"]
[PlyCount "79"]
[WhiteFideId "12938084"]
[BlackFideId "12901253"]
[EventCountry "GER"]
[EventRounds "7"]
[EventType "team-swiss"]
[EventDate "2012.09.28"]

1. d4 d5 2. c4 e6 3. Nc3 Be7 4. cxd5 exd5 5. Bf4 c6 6. e3 Bf5 7. Nge2 Nd7 8.
Ng3 Bg6 9. Be2 Ngf6 10. h4 h6 11. h5 Bh7 12. Bd3 Bxd3 13. Qxd3 Nf8 14. Nf5 Ne6
15. Bg3 O-O 16. f3 Re8 17. Kf2 Ng5 18. Bh4 Ne6 19. g4 Kh8 20. Rag1 Ng8 21. Nxe7
Nxe7 22. g5 hxg5 23. Bg3 f6 24. f4 gxf4 25. exf4 f5 26. Bh4 Qd6 27. Ne2 Rg8 28.
h6 g6 29. h7 Rg7 30. Bf6 Rd8 31. Qe3 Re8 32. Qe5 Qxe5 33. fxe5 c5 34. Rd1 c4
35. Ke3 g5 36. Rdg1 f4+ 37. Kf3 Nf5 38. Kg4 Ne3+ 39. Kf3 g4+ 40. Kf2 1-0